|
|
|
|
| LEADER |
01036nam a2200265 a 4500 |
| 001 |
4332694 |
| 008 |
110721t19821974enka d 000 0 eng |
| 010 |
|
|
|a 88117543
|
| 020 |
|
|
|a 0194311066
|
| 020 |
|
|
|a 019431295X (soft)
|
| 040 |
|
|
|a DLC
|c DLC
|d DLC
|d BD-DhAAL
|
| 082 |
0 |
0 |
|a 423
|2 19
|
| 245 |
0 |
0 |
|a Oxford advanced learner's dictionary of current English /
|c [edited by] A.S. Hornby with A.P. Cowie, A.C. Gimson.
|
| 250 |
|
|
|a Rev., up-dated, and re-set impression of the 4th ed.].
|
| 260 |
|
|
|a Oxford ;
|a New York :
|b Oxford University Press,
|c 1982.
|
| 300 |
|
|
|a xli, 1041 p. :
|b ill. ;
|c 22 cm.
|
| 541 |
|
|
|e 00000555
|
| 650 |
|
0 |
|a English language
|x Dictionaries.
|
| 650 |
|
0 |
|a English language
|x New words
|x Dictionaries.
|
| 700 |
1 |
|
|a Hornby, Albert Sydney.
|
| 700 |
1 |
|
|a Cowie, Anthony Paul.
|
| 700 |
1 |
|
|a Gimson, A. C.
|
| 852 |
1 |
|
|a Ayesha Abed Library
|c Reference Shelf.
|
| 999 |
|
|
|c 11128
|d 11128
|
| 952 |
|
|
|0 0
|1 0
|2 ddc
|4 0
|6 423_OXF
|7 1
|9 17569
|a BRACUL
|b BRACUL
|c REF
|d 2011-07-21
|g 175.00
|l 0
|o 423 OXF
|p 3010000555
|r 2016-01-13
|t 1
|w 2011-07-21
|y BK
|